Statistiques concernant Séries commençant par la lettre L

Cliquez ici pour prendre le quiz!

Statistiques générales

  • Ce quiz a été pris 110 fois
  • Le résultat moyen est 9 sur 16

Statistiques - réponses

Réponse% Correct
La Casa De Papel
98%
Les Simpson
98%
Lupin
90%
Les Schtroumpfs
83%
La Petite Maison Dans La Prairie
79%
Lost: Les Disparus
70%
Le Prince De Bel-Air
56%
Les Malheurs De Sophie
53%
La Croisière S’amuse
49%
Les Frères Scott
47%
La Reine Charlotte: Un Chapitre Bridgerton
41%
La Chronique des Bridgerton
39%
Les Feux De L’Amour
36%
La Vie De Palace De Zack Et Cody
29%
Les Experts: Las Vegas
28%
Lizzie McGuire
26%

Distribution des résultats

Percentile par nombre de réponses

% des personnes avec chaque résultat

Votre développement - résultats

Vous n’avez pas pris ce quiz